|
|
|
|
| LEADER |
00000nab a2200000uu 4500 |
| 001 |
vtls011438965 |
| 003 |
SK-MaSNL |
| 005 |
20260303123027.0 |
| 008 |
230213|1997 xo |||||||||||||||||eng| |
| 015 |
|
|
|a SNBRB
|
| 035 |
|
|
|a (urnnbn)urn:nbn:sk:snk:ar-002vkl
|
| 035 |
|
|
|a (uuid)a7b4a626-c18a-478a-af04-cbf48088417b
|
| 035 |
|
|
|a urn:nbn:sk:snk-abcdrw
|
| 040 |
|
|
|a SNKBUCL
|b slo
|c SNKBUCL
|e AACR2
|
| 041 |
0 |
|
|a eng
|
| 044 |
|
|
|a xo
|c SK
|
| 100 |
1 |
|
|a Whitehead, Paul Felton
|4 aut
|9 1138654
|
| 245 |
1 |
0 |
|a Beetle faunas of the European angiosperm Urwald: problems and complexities
|c Paul Felton Whitehead
|
| 773 |
0 |
|
|t Biologia : journal of the Slovak Academy of Sciences
|g Roč. 52, č. 2 (1997), s. 147-152
|
| 954 |
|
|
|a odborná, vedecká literatúra cudzojazyčná (svetová)
|2 lita
|
| 958 |
|
|
|a OND
|
| 958 |
|
|
|a EUIPO
|
| 958 |
|
|
|a article16
|
| 999 |
|
|
|c 1922813
|d 1924743
|